Welcome to the Holygrace Academy Library

Please use search bar below to get started

WICKED WORLD UP (Record no. 2153)

MARC details
000 -LEADER
fixed length control field 00376nam a22001577a 4500
020 ## - INTERNATIONAL STANDARD BOOK NUMBER
ISBN 0-439-99427-6
082 ## - DEWEY DECIMAL CLASSIFICATION NUMBER
Classification number 823
Item number CUL/W
100 ## - MAIN ENTRY--AUTHOR NAME
Personal name COLEMAN, MICHAEL
245 ## - TITLE STATEMENT
Title WICKED WORLD UP
Remainder of title FOUL FOOTBALL
246 ## - VARYING FORM OF TITLE
Title proper/short title WICKED WORLD UP
Remainder of title FOUL FOOTBALL
260 ## - PUBLICATION, DISTRIBUTION, ETC. (IMPRINT)
Place of publication UK
Name of publisher SCHOLASTIC LTD
Year of publication 1998
300 ## - PHYSICAL DESCRIPTION
Number of Pages 174
520 ## - SUMMARY, ETC.
Summary, etc CRICKET STORY
650 ## - SUBJECT ADDED ENTRY--TOPICAL TERM
Topical Term RICKET STORY
942 ## - ADDED ENTRY ELEMENTS (KOHA)
Koha item type Books
Holdings
Withdrawn status Lost status Collection code Home library Current library Shelving location Date acquired Source of acquisition Full call number Accession Number Koha item type
    Fiction Main Library Main Library SHELF 4-C HORRIBLE HISTORIES 01/02/2019 Purchase 823 CUL/W 10966 Books
    Fiction Main Library Main Library SHELF 4-C HORRIBLE HISTORIES 06/03/2002 Purchase 823 CUL/W 00115 Books